[Event "DEM U10 2023"]
[Site "Willingen GER"]
[Date "2023.05.30"]
[Round "5"]
[White "Becker, Linus"]
[Black "Ivashchenko, Yurii"]
[Result "1-0"]
[Termination "normal"]
[Board "18"]
[WhiteElo "1445"]
[BlackElo "1347"]
[WhiteClock "01:14:05"]
[BlackClock "01:12:32"]
[PlyCount "28"]
[WhiteFideId "34614958"]
[BlackFideId "34163735"]
[EventCountry "GER"]
[EventRounds "11"]
[EventType "swiss"]
[EventDate "2023.05.27"]

1. e4 {[%clk 01:15:56]} {[%emt 00:00:01]} e6 {[%clk 01:15:55]} {[%emt
00:00:05]} 2. d4 {[%clk 01:16:17]} {[%emt 00:00:09]} d5 {[%clk 01:16:20]}
{[%emt 00:00:05]} 3. Bd3 {[%clk 01:16:39]} {[%emt 00:00:08]} dxe4 {[%clk
01:13:26]} {[%emt 00:03:23]} 4. Bxe4 {[%clk 01:17:00]} {[%emt 00:00:10]} Nf6
{[%clk 01:13:48]} {[%emt 00:00:09]} 5. Bf3 {[%clk 01:17:25]} {[%emt 00:00:05]}
c5 {[%clk 01:14:08]} {[%emt 00:00:09]} 6. Ne2 {[%clk 01:17:48]} {[%emt
00:00:06]} Nc6 {[%clk 01:14:25]} {[%emt 00:00:14]} 7. Be3 {[%clk 01:17:42]}
{[%emt 00:00:36]} cxd4 {[%clk 01:14:21]} {[%emt 00:00:34]} 8. Nxd4 {[%clk
01:17:55]} {[%emt 00:00:18]} Ne5 {[%clk 01:14:22]} {[%emt 00:00:28]} 9. O-O
{[%clk 01:17:41]} {[%emt 00:00:44]} Nxf3+ {[%clk 01:13:48]} {[%emt 00:01:03]}
10. Nxf3 {[%clk 01:17:58]} {[%emt 00:00:13]} Qxd1 {[%clk 01:13:54]} {[%emt
00:00:24]} 11. Rxd1 {[%clk 01:18:17]} {[%emt 00:00:11]} Be7 {[%clk 01:14:10]}
{[%emt 00:00:15]} 12. Nc3 {[%clk 01:18:02]} {[%emt 00:00:46]} O-O {[%clk
01:14:08]} {[%emt 00:00:32]} 13. Nb5 {[%clk 01:17:29]} {[%emt 00:01:02]} b6
{[%clk 01:12:42]} {[%emt 00:01:56]} 14. Rd2 {[%clk 01:14:05]} {[%emt 00:03:55]}
Bb7 {[%clk 01:12:32]} {[%emt 00:00:39]} 1-0

[Event "DEM U10 2023"]
[Site "Willingen GER"]
[Date "2023.05.30"]
[Round "5"]
[White "Obermair, Hannes"]
[Black "Serwane, Ruben"]
[Result "1-0"]
[Termination "normal"]
[Board "19"]
[WhiteElo "1320"]
[BlackElo "1489"]
[WhiteClock "00:55:23"]
[BlackClock "01:02:33"]
[PlyCount "35"]
[WhiteFideId "34640509"]
[BlackFideId "34660232"]
[EventCountry "GER"]
[EventRounds "11"]
[EventType "swiss"]
[EventDate "2023.05.27"]

1. e4 {[%clk 01:15:56]} {[%emt 00:00:03]} e5 {[%clk 01:15:54]} {[%emt
00:00:07]} 2. Nf3 {[%clk 01:16:12]} {[%emt 00:00:13]} Nc6 {[%clk 01:16:20]}
{[%emt 00:00:05]} 3. d4 {[%clk 01:16:29]} {[%emt 00:00:13]} exd4 {[%clk
01:16:45]} {[%emt 00:00:05]} 4. Nxd4 {[%clk 01:16:51]} {[%emt 00:00:07]} Bc5
{[%clk 01:17:11]} {[%emt 00:00:04]} 5. Be3 {[%clk 01:16:31]} {[%emt 00:00:49]}
Qf6 {[%clk 01:17:33]} {[%emt 00:00:09]} 6. c3 {[%clk 01:16:36]} {[%emt
00:00:25]} Nge7 {[%clk 01:17:47]} {[%emt 00:00:16]} 7. Bc4 {[%clk 01:16:26]}
{[%emt 00:00:39]} Ne5 {[%clk 01:17:34]} {[%emt 00:00:44]} 8. Be2 {[%clk
01:15:59]} {[%emt 00:00:55]} N7c6 {[%clk 01:17:12]} {[%emt 00:00:53]} 9. O-O
{[%clk 01:14:42]} {[%emt 00:01:45]} Bb6 {[%clk 01:16:33]} {[%emt 00:01:11]} 10.
Nd2 {[%clk 01:11:38]} {[%emt 00:03:34]} d6 {[%clk 01:15:30]} {[%emt 00:01:34]}
11. Kh1 {[%clk 01:05:19]} {[%emt 00:06:50]} Nxd4 {[%clk 01:14:05]} {[%emt
00:01:55]} 12. cxd4 {[%clk 01:03:47]} {[%emt 00:02:01]} Nc6 {[%clk 01:14:17]}
{[%emt 00:00:18]} 13. d5 {[%clk 01:00:49]} {[%emt 00:03:28]} Ne7 {[%clk
01:12:08]} {[%emt 00:02:39]} 14. Qc2 {[%clk 00:59:43]} {[%emt 00:01:35]} h5
{[%clk 01:09:39]} {[%emt 00:03:00]} 15. Bxb6 {[%clk 00:58:28]} {[%emt
00:01:44]} axb6 {[%clk 01:08:13]} {[%emt 00:01:57]} 16. Qxc7 {[%clk 00:57:23]}
{[%emt 00:01:34]} Qxb2 {[%clk 01:07:22]} {[%emt 00:01:21]} 17. Nc4 {[%clk
00:55:36]} {[%emt 00:02:17]} Nxd5 {[%clk 01:02:33]} {[%emt 00:05:19]} 18. Nxd6+
{[%clk 00:55:23]} {[%emt 00:00:43]} 1-0

[Event "DEM U10 2023"]
[Site "Willingen GER"]
[Date "2023.05.30"]
[Round "5"]
[White "Ishcenko, Volodymyr"]
[Black "Gendzelevsky, Stefan"]
[Result "1-0"]
[Termination "normal"]
[Board "20"]
[WhiteElo "1220"]
[BlackElo "1442"]
[WhiteClock "00:17:41"]
[BlackClock "00:20:32"]
[PlyCount "129"]
[WhiteFideId "34660208"]
[BlackFideId "34637672"]
[EventCountry "GER"]
[EventRounds "11"]
[EventType "swiss"]
[EventDate "2023.05.27"]

1. e4 {[%clk 01:15:59]} {[%emt 00:00:03]} e6 {[%clk 01:15:55]} {[%emt
00:00:04]} 2. d4 {[%clk 01:16:23]} {[%emt 00:00:06]} d5 {[%clk 01:16:19]}
{[%emt 00:00:05]} 3. exd5 {[%clk 01:16:39]} {[%emt 00:00:15]} exd5 {[%clk
01:16:43]} {[%emt 00:00:06]} 4. Nf3 {[%clk 01:16:36]} {[%emt 00:00:33]} Bd6
{[%clk 01:16:58]} {[%emt 00:00:14]} 5. Nc3 {[%clk 01:15:43]} {[%emt 00:01:24]}
Ne7 {[%clk 01:17:12]} {[%emt 00:00:15]} 6. Be2 {[%clk 01:15:04]} {[%emt
00:01:09]} Nbc6 {[%clk 01:16:29]} {[%emt 00:01:12]} 7. O-O {[%clk 01:13:36]}
{[%emt 00:02:00]} Bf5 {[%clk 01:15:53]} {[%emt 00:01:05]} 8. Bb5 {[%clk
01:12:33]} {[%emt 00:01:33]} O-O {[%clk 01:11:11]} {[%emt 00:05:13]} 9. Bxc6
{[%clk 01:12:34]} {[%emt 00:00:29]} Nxc6 {[%clk 01:11:32]} {[%emt 00:00:08]}
10. h3 {[%clk 01:12:23]} {[%emt 00:00:37]} Nb4 {[%clk 01:05:40]} {[%emt
00:06:26]} 11. Ne1 {[%clk 01:12:39]} {[%emt 00:00:12]} Be6 {[%clk 01:03:34]}
{[%emt 00:02:38]} 12. a3 {[%clk 01:12:10]} {[%emt 00:01:00]} Nc6 {[%clk
01:03:49]} {[%emt 00:00:14]} 13. Nf3 {[%clk 01:11:47]} {[%emt 00:00:49]} a6
{[%clk 01:03:47]} {[%emt 00:00:35]} 14. Re1 {[%clk 01:10:34]} {[%emt 00:01:42]}
Qf6 {[%clk 01:01:55]} {[%emt 00:02:22]} 15. Bg5 {[%clk 01:06:26]} {[%emt
00:04:39]} Qg6 {[%clk 01:01:27]} {[%emt 00:00:56]} 16. Qd3 {[%clk 00:58:57]}
{[%emt 00:08:02]} Bf5 {[%clk 00:57:44]} {[%emt 00:04:11]} 17. Qd2 {[%clk
00:59:17]} {[%emt 00:00:09]} h6 {[%clk 00:55:54]} {[%emt 00:02:22]} 18. Nh4
{[%clk 00:55:16]} {[%emt 00:04:30]} Qxg5 {[%clk 00:39:43]} {[%emt 00:16:43]}
19. Qxg5 {[%clk 00:55:33]} {[%emt 00:00:11]} hxg5 {[%clk 00:40:04]} {[%emt
00:00:09]} 20. Nxf5 {[%clk 00:55:59]} {[%emt 00:00:06]} Rad8 {[%clk 00:33:37]}
{[%emt 00:06:47]} 21. Nxd5 {[%clk 00:55:05]} {[%emt 00:01:33]} Bxa3 {[%clk
00:32:58]} {[%emt 00:01:11]} 22. Rxa3 {[%clk 00:48:14]} {[%emt 00:07:21]} Rxd5
{[%clk 00:30:31]} {[%emt 00:02:56]} 23. Ne7+ {[%clk 00:48:15]} {[%emt
00:00:29]} Nxe7 {[%clk 00:30:34]} {[%emt 00:00:25]} 24. Rxe7 {[%clk 00:48:37]}
{[%emt 00:00:11]} Rc8 {[%clk 00:30:59]} {[%emt 00:00:05]} 25. Rf3 {[%clk
00:47:03]} {[%emt 00:02:03]} f6 {[%clk 00:31:12]} {[%emt 00:00:16]} 26. Rc3
{[%clk 00:45:48]} {[%emt 00:01:46]} Rxd4 {[%clk 00:27:53]} {[%emt 00:03:51]}
27. Rcxc7 {[%clk 00:45:56]} {[%emt 00:00:22]} Rxc7 {[%clk 00:27:44]} {[%emt
00:00:38]} 28. Rxc7 {[%emt 00:00:13]} Rb4 {[%clk 00:28:02]} {[%emt 00:00:08]}
29. b3 {[%clk 00:46:17]} {[%emt 00:00:31]} Kh7 {[%clk 00:27:37]} {[%emt
00:00:53]} 30. Kf1 {[%clk 00:44:01]} {[%emt 00:02:47]} b6 {[%clk 00:25:44]}
{[%emt 00:02:23]} 31. Ke2 {[%clk 00:41:42]} {[%emt 00:02:50]} a5 {[%clk
00:26:03]} {[%emt 00:00:11]} 32. Rb7 {[%clk 00:40:20]} {[%emt 00:01:51]} b5
{[%clk 00:25:44]} {[%emt 00:00:48]} 33. Kd3 {[%clk 00:35:53]} {[%emt 00:04:53]}
Kh6 {[%clk 00:25:20]} {[%emt 00:00:58]} 34. Kc3 {[%clk 00:34:26]} {[%emt
00:01:58]} Rf4 {[%clk 00:24:16]} {[%emt 00:01:33]} 35. f3 {[%clk 00:34:25]}
{[%emt 00:00:30]} Rf5 {[%clk 00:23:35]} {[%emt 00:01:13]} 36. Kd4 {[%clk
00:32:05]} {[%emt 00:02:44]} Re5 {[%clk 00:22:32]} {[%emt 00:01:39]} 37. c4
{[%clk 00:27:55]} {[%emt 00:04:41]} bxc4 {[%clk 00:21:00]} {[%emt 00:02:01]}
38. bxc4 {[%clk 00:28:12]} {[%emt 00:00:14]} Re1 {[%clk 00:21:09]} {[%emt
00:00:20]} 39. c5 {[%clk 00:27:02]} {[%emt 00:01:42]} a4 {[%clk 00:21:28]}
{[%emt 00:00:10]} 40. Ra7 {[%clk 00:26:16]} {[%emt 00:01:10]} Ra1 {[%clk
00:20:11]} {[%emt 00:01:53]} 41. c6 {[%clk 00:25:10]} {[%emt 00:01:35]} Rc1
{[%clk 00:20:29]} {[%emt 00:00:12]} 42. Kd5 {[%clk 00:25:16]} {[%emt 00:00:24]}
a3 {[%clk 00:20:54]} {[%emt 00:00:05]} 43. Rxa3 {[%clk 00:25:22]} {[%emt
00:00:22]} Rd1+ {[%clk 00:21:09]} {[%emt 00:00:16]} 44. Kc4 {[%clk 00:22:53]}
{[%emt 00:02:48]} Rd8 {[%clk 00:21:29]} {[%emt 00:00:21]} 45. Kc5 {[%clk
00:21:34]} {[%emt 00:01:49]} Rd1 {[%clk 00:18:56]} {[%emt 00:03:04]} 46. Rc3
{[%clk 00:15:10]} {[%emt 00:06:45]} Rd8 {[%clk 00:14:23]} {[%emt 00:05:11]} 47.
c7 {[%clk 00:15:19]} {[%emt 00:00:18]} Rc8 {[%clk 00:14:50]} {[%emt 00:00:07]}
48. Kd6 {[%clk 00:14:22]} {[%emt 00:01:13]} g6 {[%clk 00:14:52]} {[%emt
00:00:41]} 49. Kd7 {[%clk 00:14:33]} {[%emt 00:00:16]} Rxc7+ {[%clk 00:15:20]}
{[%emt 00:00:06]} 50. Rxc7 {[%clk 00:14:47]} {[%emt 00:00:15]} Kh5 {[%clk
00:15:26]} {[%emt 00:00:25]} 51. Ke6 {[%clk 00:14:52]} {[%emt 00:00:16]} Kh4
{[%clk 00:15:44]} {[%emt 00:00:20]} 52. Rh7+ {[%clk 00:14:51]} {[%emt
00:00:29]} Kg3 {[%clk 00:16:10]} {[%emt 00:00:06]} 53. Kxf6 {[%clk 00:15:10]}
{[%emt 00:00:12]} Kxg2 {[%clk 00:16:34]} {[%emt 00:00:06]} 54. Kxg5 {[%clk
00:15:24]} {[%emt 00:00:13]} Kxf3 {[%clk 00:16:57]} {[%emt 00:00:09]} 55. h4
{[%clk 00:15:35]} {[%emt 00:00:20]} Kg3 {[%clk 00:17:16]} {[%emt 00:00:10]} 56.
Kxg6 {[%clk 00:15:54]} {[%emt 00:00:11]} Kf4 {[%clk 00:17:38]} {[%emt
00:00:08]} 57. Rf7+ {[%clk 00:16:15]} {[%emt 00:00:09]} Kg4 {[%clk 00:17:59]}
{[%emt 00:00:09]} 58. h5 {[%clk 00:16:12]} {[%emt 00:00:31]} Kh4 {[%clk
00:18:25]} {[%emt 00:00:05]} 59. h6 {[%clk 00:16:29]} {[%emt 00:00:12]} Kg4
{[%clk 00:18:50]} {[%emt 00:00:07]} 60. h7 {[%clk 00:16:35]} {[%emt 00:00:23]}
Kg3 {[%clk 00:19:15]} {[%emt 00:00:05]} 61. h8=Q {[%clk 00:16:48]} {[%emt
00:00:17]} Kg4 {[%clk 00:19:28]} {[%emt 00:00:16]} 62. Qh5+ {[%clk 00:17:01]}
{[%emt 00:00:17]} Kg3 {[%clk 00:19:50]} {[%emt 00:00:08]} 63. Rf3+ {[%clk
00:17:26]} {[%emt 00:00:05]} Kg2 {[%clk 00:20:10]} {[%emt 00:00:10]} 64. Qh3+
{[%clk 00:17:41]} {[%emt 00:00:15]} Kg1 {[%clk 00:20:32]} {[%emt 00:00:09]} 65.
Rf1# {[%emt 00:00:24]} 1-0

[Event "DEM U10 2023"]
[Site "Willingen GER"]
[Date "2023.05.30"]
[Round "5"]
[White "Baumann, Simon"]
[Black "Haas, Leandro"]
[Result "1/2-1/2"]
[Termination "normal"]
[Board "21"]
[WhiteElo "1423"]
[BlackElo "1337"]
[WhiteClock "00:59:12"]
[BlackClock "01:15:09"]
[PlyCount "100"]
[WhiteFideId "34643664"]
[BlackFideId "34632549"]
[EventCountry "GER"]
[EventRounds "11"]
[EventType "swiss"]
[EventDate "2023.05.27"]

1. e4 {[%clk 01:15:59]} {[%emt 14:47:46]} e5 {[%clk 01:15:56]} {[%emt
00:00:03]} 2. Nf3 {[%clk 01:16:26]} {[%emt 00:00:04]} Nc6 {[%clk 01:16:19]}
{[%emt 00:00:06]} 3. Bc4 {[%clk 01:16:51]} {[%emt 00:00:06]} Bc5 {[%clk
01:16:41]} {[%emt 00:00:08]} 4. d3 {[%clk 01:17:08]} {[%emt 00:00:13]} Nf6
{[%clk 01:17:01]} {[%emt 00:00:10]} 5. Nc3 {[%clk 01:17:31]} {[%emt 00:00:06]}
d6 {[%clk 01:17:25]} {[%emt 00:00:06]} 6. Bg5 {[%clk 01:17:49]} {[%emt
00:00:12]} h6 {[%clk 01:17:48]} {[%emt 00:00:06]} 7. Be3 {[%clk 01:18:14]}
{[%emt 00:00:06]} Bb6 {[%clk 01:18:06]} {[%emt 00:00:12]} 8. Qe2 {[%clk
01:16:38]} {[%emt 00:02:07]} Bd7 {[%clk 01:17:53]} {[%emt 00:00:43]} 9. Qd2
{[%clk 01:14:51]} {[%emt 00:02:17]} Qe7 {[%clk 01:16:43]} {[%emt 00:01:40]} 10.
Nd5 {[%clk 01:14:22]} {[%emt 00:00:59]} Nxd5 {[%clk 01:16:50]} {[%emt
00:00:23]} 11. Bxd5 {[%clk 01:14:49]} {[%emt 00:00:03]} Bxe3 {[%clk 01:16:52]}
{[%emt 00:00:28]} 12. fxe3 {[%clk 01:15:06]} {[%emt 00:00:13]} Be6 {[%clk
01:16:30]} {[%emt 00:00:53]} 13. Bxc6+ {[%clk 01:15:14]} {[%emt 00:00:22]} bxc6
{[%clk 01:16:53]} {[%emt 00:00:06]} 14. Qb4 {[%clk 01:13:59]} {[%emt 00:01:45]}
O-O {[%clk 01:17:00]} {[%emt 00:00:22]} 15. O-O {[%clk 01:14:12]} {[%emt
00:00:19]} c5 {[%clk 01:16:19]} {[%emt 00:01:11]} 16. Qd2 {[%clk 01:14:27]}
{[%emt 00:00:15]} a5 {[%clk 01:15:42]} {[%emt 00:01:07]} 17. c4 {[%clk
01:13:27]} {[%emt 00:01:30]} a4 {[%clk 01:14:57]} {[%emt 00:01:15]} 18. Qf2
{[%clk 01:11:50]} {[%emt 00:02:07]} f5 {[%clk 01:14:56]} {[%emt 00:00:31]} 19.
exf5 {[%clk 01:09:59]} {[%emt 00:02:21]} Bxf5 {[%clk 01:15:11]} {[%emt
00:00:15]} 20. e4 {[%clk 01:09:00]} {[%emt 00:01:30]} Bg4 {[%clk 01:15:32]}
{[%emt 00:00:07]} 21. Qg3 {[%clk 01:07:45]} {[%emt 00:01:46]} Bxf3 {[%clk
01:15:44]} {[%emt 00:00:18]} 22. Rxf3 {[%clk 01:07:49]} {[%emt 00:00:27]} Rxf3
{[%clk 01:16:05]} {[%emt 00:00:09]} 23. Qxf3 {[%clk 01:08:16]} {[%emt
00:00:03]} Qf6 {[%clk 01:16:11]} {[%emt 00:00:24]} 24. Qxf6 {[%clk 01:08:16]}
{[%emt 00:00:30]} gxf6 {[%clk 01:16:34]} {[%emt 00:00:07]} 25. Rf1 {[%clk
01:08:13]} {[%emt 00:00:34]} Kg7 {[%clk 01:16:44]} {[%emt 00:00:19]} 26. Kf2
{[%clk 01:08:28]} {[%emt 00:00:15]} Rb8 {[%clk 01:17:08]} {[%emt 00:00:06]} 27.
Rb1 {[%clk 01:08:41]} {[%emt 00:00:17]} Kg6 {[%clk 01:17:30]} {[%emt 00:00:08]}
28. g4 {[%clk 01:06:32]} {[%emt 00:02:39]} Kg5 {[%clk 01:17:24]} {[%emt
00:00:37]} 29. Kg3 {[%clk 01:06:43]} {[%emt 00:00:19]} Rg8 {[%clk 01:17:27]}
{[%emt 00:00:26]} 30. h4+ {[%clk 01:05:38]} {[%emt 00:01:35]} Kg6 {[%clk
01:17:46]} {[%emt 00:00:11]} 31. h5+ {[%clk 01:04:36]} {[%emt 00:01:32]} Kf7
{[%clk 01:18:07]} {[%emt 00:00:08]} 32. b3 {[%clk 01:04:47]} {[%emt 00:00:20]}
Rb8 {[%clk 01:17:31]} {[%emt 00:01:06]} 33. Kf3 {[%clk 01:03:25]} {[%emt
00:01:52]} axb3 {[%clk 01:17:51]} {[%emt 00:00:10]} 34. Rxb3 {[%clk 01:03:04]}
{[%emt 00:00:51]} Rxb3 {[%clk 01:18:13]} {[%emt 00:00:08]} 35. axb3 {[%clk
01:03:30]} {[%emt 00:00:04]} Ke6 {[%clk 01:18:01]} {[%emt 00:00:42]} 36. Ke3
{[%clk 01:03:12]} {[%emt 00:00:49]} c6 {[%clk 01:18:16]} {[%emt 00:00:15]} 37.
Kf3 {[%clk 01:02:27]} {[%emt 00:01:14]} Kd7 {[%clk 01:17:09]} {[%emt 00:01:36]}
38. Ke3 {[%clk 01:02:07]} {[%emt 00:00:51]} Ke7 {[%clk 01:17:32]} {[%emt
00:00:06]} 39. Kd2 {[%clk 01:02:20]} {[%emt 00:00:18]} Ke6 {[%clk 01:17:53]}
{[%emt 00:00:09]} 40. Ke3 {[%clk 01:02:17]} {[%emt 00:00:34]} d5 {[%clk
01:18:11]} {[%emt 00:00:11]} 41. Kf3 {[%clk 01:01:15]} {[%emt 00:01:32]} dxc4
{[%clk 01:17:55]} {[%emt 00:00:46]} 42. dxc4 {[%clk 01:00:10]} {[%emt
00:01:35]} Kd6 {[%clk 01:17:51]} {[%emt 00:00:34]} 43. Ke3 {[%clk 01:00:32]}
{[%emt 00:00:08]} Kc7 {[%clk 01:18:08]} {[%emt 00:00:13]} 44. Kd3 {[%clk
01:00:49]} {[%emt 00:00:14]} Kb6 {[%clk 01:16:40]} {[%emt 00:01:58]} 45. Kc2
{[%clk 01:00:44]} {[%emt 00:00:34]} Ka6 {[%clk 01:16:03]} {[%emt 00:00:35]} 46.
Kb2 {[%clk 01:00:31]} {[%emt 00:01:15]} Ka5 {[%clk 01:15:59]} {[%emt 00:00:35]}
47. Ka3 {[%clk 00:58:59]} {[%emt 00:02:02]} Ka6 {[%emt 00:00:24]} 48. b4 {[%emt
00:00:47]} Kb6 {[%clk 01:14:29]} {[%emt 00:00:49]} 49. Ka4 {[%clk 00:59:04]}
{[%emt 00:00:24]} cxb4 {[%clk 01:14:48]} {[%emt 00:00:11]} 50. Kxb4 {[%clk
00:59:12]} {[%emt 00:00:23]} c5+ {[%clk 01:15:09]} {[%emt 00:00:08]} 1/2-1/2

[Event "DEM U10 2023"]
[Site "Willingen GER"]
[Date "2023.05.30"]
[Round "5"]
[White "Prashanthakumar, Arnesh"]
[Black "Fels, Mattis"]
[Result "1-0"]
[Termination "normal"]
[Board "22"]
[WhiteElo "1395"]
[BlackElo "1682"]
[WhiteClock "00:09:09"]
[BlackClock "00:10:12"]
[PlyCount "93"]
[WhiteFideId "34604073"]
[BlackFideId "34623795"]
[EventCountry "GER"]
[EventRounds "11"]
[EventType "swiss"]
[EventDate "2023.05.27"]

1. e4 {[%clk 01:15:56]} {[%emt 00:00:03]} c5 {[%clk 01:15:57]} {[%emt
00:00:04]} 2. Nf3 {[%clk 01:16:13]} {[%emt 00:00:13]} e6 {[%clk 01:16:20]}
{[%emt 00:00:08]} 3. d4 {[%clk 01:16:04]} {[%emt 00:00:38]} cxd4 {[%clk
01:16:45]} {[%emt 00:00:04]} 4. Nxd4 {[%clk 01:16:09]} {[%emt 00:00:26]} Nc6
{[%clk 01:17:09]} {[%emt 00:00:07]} 5. Be3 {[%clk 01:16:01]} {[%emt 00:00:37]}
a6 {[%clk 01:17:15]} {[%emt 00:00:24]} 6. Nc3 {[%clk 01:15:48]} {[%emt
00:00:42]} Qc7 {[%clk 01:17:26]} {[%emt 00:00:20]} 7. Bc4 {[%clk 01:14:14]}
{[%emt 00:02:03]} b5 {[%clk 01:15:17]} {[%emt 00:02:39]} 8. Be2 {[%clk
01:13:41]} {[%emt 00:01:03]} Bb7 {[%clk 01:13:53]} {[%emt 00:01:55]} 9. a3
{[%clk 01:11:57]} {[%emt 00:02:15]} Nf6 {[%clk 01:13:39]} {[%emt 00:00:44]} 10.
f3 {[%clk 01:10:39]} {[%emt 00:01:47]} Be7 {[%clk 01:10:20]} {[%emt 00:03:49]}
11. Qd2 {[%clk 01:08:26]} {[%emt 00:02:41]} O-O {[%clk 01:07:48]} {[%emt
00:03:03]} 12. O-O {[%clk 01:05:45]} {[%emt 00:03:11]} Rfd8 {[%clk 00:57:15]}
{[%emt 00:11:04]} 13. Nb3 {[%clk 00:55:32]} {[%emt 00:10:42]} d5 {[%clk
00:50:17]} {[%emt 00:07:29]} 14. exd5 {[%clk 00:50:53]} {[%emt 00:05:09]} Nxd5
{[%clk 00:50:22]} {[%emt 00:00:25]} 15. Bf2 {[%clk 00:47:38]} {[%emt 00:03:44]}
Bf6 {[%clk 00:41:38]} {[%emt 00:09:15]} 16. Qe1 {[%clk 00:40:42]} {[%emt
00:07:26]} b4 {[%clk 00:29:08]} {[%emt 00:13:01]} 17. Nxd5 {[%clk 00:38:45]}
{[%emt 00:02:26]} Rxd5 {[%clk 00:29:06]} {[%emt 00:00:31]} 18. axb4 {[%clk
00:32:38]} {[%emt 00:06:37]} Bxb2 {[%clk 00:28:05]} {[%emt 00:01:33]} 19. Rd1
{[%clk 00:30:16]} {[%emt 00:02:51]} Rad8 {[%clk 00:26:36]} {[%emt 00:02:00]}
20. Rxd5 {[%clk 00:28:02]} {[%emt 00:02:45]} Rxd5 {[%clk 00:26:42]} {[%emt
00:00:24]} 21. c3 {[%clk 00:26:06]} {[%emt 00:02:25]} Qe5 {[%clk 00:21:27]}
{[%emt 00:05:45]} 22. Nd4 {[%clk 00:22:13]} {[%emt 00:04:24]} Nxb4 {[%clk
00:18:33]} {[%emt 00:03:24]} 23. Qd2 {[%clk 00:17:59]} {[%emt 00:04:44]} Nc6
{[%clk 00:09:27]} {[%emt 00:09:36]} 24. Qxb2 {[%clk 00:16:30]} {[%emt
00:01:58]} Nxd4 {[%clk 00:09:13]} {[%emt 00:00:44]} 25. Bxd4 {[%clk 00:15:47]}
{[%emt 00:01:13]} Qc7 {[%clk 00:09:14]} {[%emt 00:00:30]} 26. c4 {[%clk
00:13:56]} {[%emt 00:02:20]} Rg5 {[%clk 00:09:24]} {[%emt 00:00:20]} 27. Rd1
{[%clk 00:11:15]} {[%emt 00:03:09]} Rh5 {[%clk 00:08:55]} {[%emt 00:01:00]} 28.
h3 {[%clk 00:09:47]} {[%emt 00:01:58]} Rxh3 {[%clk 00:08:02]} {[%emt 00:01:23]}
29. Bb6 {[%clk 00:08:33]} {[%emt 00:01:44]} Qh2+ {[%clk 00:08:13]} {[%emt
00:00:18]} 30. Kf1 {[%clk 00:08:50]} {[%emt 00:00:14]} Rxf3+ {[%clk 00:07:47]}
{[%emt 00:00:56]} 31. Bxf3 {[%clk 00:08:28]} {[%emt 00:00:53]} Qh1+ {[%clk
00:08:10]} {[%emt 00:00:06]} 32. Bg1 {[%clk 00:07:10]} {[%emt 00:01:47]} Qh4
{[%clk 00:07:38]} {[%emt 00:01:04]} 33. Qxb7 {[%clk 00:06:22]} {[%emt
00:01:18]} Qxc4+ {[%clk 00:08:00]} {[%emt 00:00:07]} 34. Be2 {[%clk 00:06:11]}
{[%emt 00:00:40]} Qf4+ {[%clk 00:08:14]} {[%emt 00:00:17]} 35. Qf3 {[%clk
00:06:25]} {[%emt 00:00:16]} Qb8 {[%clk 00:07:54]} {[%emt 00:00:50]} 36. Bb6
{[%clk 00:05:52]} {[%emt 00:01:01]} Qe8 {[%clk 00:07:26]} {[%emt 00:01:01]} 37.
Rd8 {[%clk 00:06:11]} {[%emt 00:00:11]} Qxd8 {[%clk 00:07:29]} {[%emt
00:00:27]} 38. Bxd8 {[%clk 00:06:30]} {[%emt 00:00:11]} Kf8 {[%clk 00:07:49]}
{[%emt 00:00:11]} 39. Qa3+ {[%clk 00:06:46]} {[%emt 00:00:13]} Kg8 {[%clk
00:08:09]} {[%emt 00:00:10]} 40. Qe7 {[%clk 00:07:03]} {[%emt 00:00:11]} h6
{[%clk 00:08:29]} {[%emt 00:00:11]} 41. Bd3 {[%clk 00:07:27]} {[%emt 00:00:06]}
g6 {[%clk 00:08:33]} {[%emt 00:00:27]} 42. Qf6 {[%clk 00:07:37]} {[%emt
00:00:20]} a5 {[%clk 00:08:42]} {[%emt 00:00:22]} 43. Bxg6 {[%clk 00:07:39]}
{[%emt 00:00:26]} fxg6 {[%clk 00:09:05]} {[%emt 00:00:08]} 44. Qxg6+ {[%clk
00:08:02]} {[%emt 00:00:08]} Kf8 {[%clk 00:09:30]} {[%emt 00:00:05]} 45. Bf6
{[%clk 00:08:25]} {[%emt 00:00:06]} a4 {[%clk 00:09:46]} {[%emt 00:00:14]} 46.
Qg7+ {[%clk 00:08:49]} {[%emt 00:00:05]} Ke8 {[%clk 00:10:12]} {[%emt
00:00:04]} 47. Qe7# {[%clk 00:09:09]} {[%emt 00:00:10]} 1-0